Rozsypanka literowa - kraje Europy - Statystyki

Ogólne statystyki
  • Ten quiz został rozwiązany 28 razy
  • Średni wynik to 41 z 45
Statystyki odpowiedzi
Hint Odpowiedź % Poprawnych
laaniab Albania A
100%
aaind Dania D
100%
owłta Łotwa Ł
100%
doanra Andora A
95%
śbiłoaur Białoruś B
95%
śainob i ceherwainog Bośnia i Hercegowina B
95%
łuraigba Bułgaria B
95%
hrcjawao Chorwacja C
95%
chczye Czechy C
95%
niidaflan Finlandia F
95%
jacreg Grecja G
95%
ridilana Irlandia I
95%
owsook Kosowo K
95%
leihtcsneinet Liechtenstein L
95%
regmskublsu Luksemburg L
95%
acmdeiano ónłopnca Macedonia Północna M
95%
ksaopl Polska P
95%
ekawil aayrbtin Wielka Brytania W
95%
srtiaau Austria A
90%
zagróanoc Czarnogóra C
90%
tosaine Estonia E
90%
jacanrf Francja F
90%
pahizsain Hiszpania H
90%
slaailidn Islandia I
90%
wailt Litwa L
90%
tmala Malta M
90%
łmodaaiw Mołdawia M
90%
kanomo Monako M
90%
cymnei Niemcy N
90%
rtopgliaua Portugalia P
90%
oawłscaj Słowacja S
90%
ewajzsc Szwecja S
90%
wtyaakn Watykan W
90%
ygęwr Węgry W
90%
hycowł Włochy W
90%
laniaodh Holandia H
86%
ewroniag Norwegia N
86%
saoja Rosja R
86%
nas rianom San Marino S
86%
baires Serbia S
86%
cjwzsaiaac Szwajcaria S
86%
glibae Belgia B
81%
mauurin Rumunia R
81%
łeainsow Słowenia S
81%
aauknir Ukraina U
81%
Nie znaleziono quizów pasujących do podanych kryteriów
Rozkład punktacji
Procent ludzi z każdym wynikiem
Percentyl według liczby udzielonych odpowiedzi
Twoja historia wyników
Nie rozwiązałeś tego quizu